000 00297nam a2200121Ia 4500
008 190216s9999||||xx |||||||||||||| ||und||
100 _aHaywood J A & Nahmad H M
245 0 _aNew Arabic Grammer
260 _bLund Humphries London
_c1995
300 _a687p
650 _aArabic Grammer
942 _cBK
999 _c53
_d53